Driving Sustainability through Engineering Management and Systems Engineering (Record no. 25214)
[ view plain ]
| 000 -LEADER | |
|---|---|
| fixed length control field | 00946nam a2200133Ia 4500 |
| 008 - FIXED-LENGTH DATA ELEMENTS--GENERAL INFORMATION | |
| fixed length control field | 220620s9999||||xx |||||||||||||| ||und|| |
| 020 ## - INTERNATIONAL STANDARD BOOK NUMBER | |
| International Standard Book Number | 9783040000000 |
| 245 #0 - TITLE STATEMENT | |
| Title | Driving Sustainability through Engineering Management and Systems Engineering |
| 546 ## - LANGUAGE NOTE | |
| Language note | English[eng] |
| 650 ## - SUBJECT ADDED ENTRY--TOPICAL TERM | |
| Topical term or geographic name entry element | sustainability||project success||business–society||business models||Sustainable Development Goals (SDGs)||sustainable development||infrastructure project||fuzzy analytic hierarchy process||project selection||sustainable projects||multi-criteria decision making||COVID-19||food and beverage||manufacturing||complexity theory||engineering management||management||conceptual||carbon neutral||electric vehicle||vehicle-to-grid||renewable energy||smart charging||net-zero||circular economy||design methods||whole systems thinking||data centre industry||n/a |
| 700 ## - ADDED ENTRY--PERSONAL NAME | |
| Personal name | Philbin, Simon P. |
| 856 ## - ELECTRONIC LOCATION AND ACCESS | |
| Uniform Resource Identifier | <a href="https://mdpi.com/books/pdfview/book/4238">https://mdpi.com/books/pdfview/book/4238</a> |
| 942 ## - ADDED ENTRY ELEMENTS (KOHA) | |
| Koha item type | E-Books |
| Withdrawn status | Lost status | Damaged status | Not for loan | Home library | Current library | Date acquired | Total Checkouts | Date last seen | Price effective from | Koha item type |
|---|---|---|---|---|---|---|---|---|---|---|
| Kerala University of Digital Sciences, Innovation and Technology Knowledge Centre | Kerala University of Digital Sciences, Innovation and Technology Knowledge Centre | 20/06/2022 | 20/06/2022 | 20/06/2022 | E-Books |